000 00541nam a2200217Ia 4500
005 20250425162032.0
008 250425s9999 xx 000 0 und d
020 _a0137489552
041 _aeng
082 _a562
100 _aLEVIN, HAROLD L.
245 0 _aANCIENT INVERTEBRATES AND THEIR LIVING RELATIVES
250 _aS.E.
260 _aEstados Unidos
_bPRENTICE HALL
_c1999
260 _aUPPER SADDLE RIVER
300 _a358
650 _aINVERTEBRADOS
650 _aINVERTEBRADOS FOSILES
942 _c01
010 _a41557
999 _c221049
_d221049